Histoire de la Russie et de ses projects d'envahissements depuis le regne de Pierre le Grand jusq'a nos jours. Par A. L. Ravergie, ancien élève de l'École des Chartes et redacteur du Siècle. Ouvrage illustré de gravures

Gespeichert in:
Bibliographische Detailangaben
1. Verfasser: Ravergie, A. L (VerfasserIn)
Format: Buch
Sprache:Französisch
Veröffentlicht: París P. H. Krabbe, Libraire éditeur, rue de Savoie 12 1854
Ausgabe:1a. ed
Schlagworte:
Tags: Tag hinzufügen
Keine Tags, Fügen Sie den ersten Tag hinzu!

MARC

LEADER 00000nam a2200000 a 4500
001 UCJ6752
003 CL-VaPUC
008 070124e18540000FR |||||||||||||||||fre|d
082 0 4 |a 947  |b RAV  |2 21 
100 0 |a Ravergie, A. L  |e author  |9 514025 
245 1 0 |a Histoire de la Russie et de ses projects d'envahissements depuis le regne de Pierre le Grand jusq'a nos jours. Par A. L. Ravergie, ancien élève de l'École des Chartes et redacteur du Siècle. Ouvrage illustré de gravures 
250 |a 1a. ed 
300 |a viii, 424 p 
942 |c BK 
945 |d 20070124 00:00:00  |a rinostro 
260 |a París  |b P. H. Krabbe, Libraire éditeur, rue de Savoie 12  |c 1854 
500 |a 4§, pasta.- Anteport.- v.: Pié de imprenta.- Front.: Retrato de Nicolás I, Zar de Rusia, grabado.- Port.- v. en b.- 4 láminas en el texto y un pliego con mapa, iconografía y resumen geográfico, al final 
600 0 7 |a PEDRO EL GRANDE  |2 CL-VaPUC  |9 348930 
600 0 7 |a ALEJANDRA FEODOROVNA  |2 CL-VaPUC  |9 514026 
600 0 7 |a FRANCISCO JOSE  |2 CL-VaPUC  |9 514027 
600 0 7 |a VICTORIA, DE INGLATERRA  |2 CL-VaPUC  |9 509742 
600 0 7 |a NAPOLEON III  |2 CL-VaPUC  |9 435483 
600 0 7 |a CATALINA II, EMPERATRIZ DE RUSIA  |2 CL-VaPUC  |9 267357 
600 0 7 |a ANA IVANOVNA  |2 CL-VaPUC  |9 514028 
600 0 7 |a TARAS BULBA  |2 CL-VaPUC  |9 514029 
600 0 7 |a KOSCIUSKO, TADEO  |2 CL-VaPUC  |9 514030 
650 0 |a Zares  |9 438166 
650 7 |a GUERRA RUSO HUNGARA  |2 CL-VaPUC  |9 514031 
650 7 |a COSACOS  |2 CL-VaPUC  |9 487587 
650 0 |a Diplomacia  |9 256483 
650 0 |a Iconografía   |9 267998 
650 0 |a Ilustraciones  |9 369481 
650 0 |a Mapas  |9 260844 
651 0 |a Rusia   |9 256106 
651 7 |a HUNGRIA  |2 CL-VaPUC  |9 336650 
651 7 |a AUSTRIA  |2 CL-VaPUC  |9 266851 
651 7 |a POLONIA  |2 CL-VaPUC  |9 321936 
651 0 |a Inglaterra  |9 255158 
651 7 |a CONSTANTINOPLA  |2 CL-VaPUC  |9 342299 
651 7 |a TURQUIA  |2 CL-VaPUC  |9 343267 
651 7 |a SAN PETERSBURGO  |2 CL-VaPUC  |9 444120 
583 |a last modification  |c 20070124 00:00:00  |k Rodrigo Vera 
999 |c 322854  |d 322852 
952 |0 0  |1 0  |4 0  |6 947_000000000000000_RAV_1854  |7 0  |8 X  |9 401979  |a FDOBUD  |b FDOBUD  |d 2019-11-22  |i 1052411  |o 947 RAV 1854  |p 1052411  |r 2019-11-22  |w 2019-11-22  |y BK_X  |k BUD